01523nam a2200361 a 4500001001000000003000500010005001700015008004100032010001100073011001100084040000900095090001000104100003700114245010800151260004100259500006000300502013100360590004100491590003700532590003900569590003900608590003900647650005200686650005200738856001600790856007000806901000700876942001000883942000600893999001900899952011900918952012401037000109693CHAP20220329144100.0140520s2014 mx | |sm |||||||spa|d a106155 a107127 cCHAP aTesis1 aBarranco Dávila, Xanat912693210aAnálisis de los flujos comerciales de México y Colombiah[En línea]cpor Xanat Barranco Dávila. aChapingo, Méx. :bEl autor,c2014. aPara ver el contenido del material haga clic en la liga aTesis (Lic. en Comercio Internacional de Productos Agropecuarios) -- UACH. División de Ciencias Económicas Administrativas aBATCH-UPDb05c20141002lUCH01h0904 aBATCHb00c20181121lUCH01h0758 aE792CSJb05c20140520lUCH01h1223 aE792CSJb05c20140520lUCH01h1223 aE792CSJb05c20140520lUCH01h135514aExportación e importaciónxColombia.93908814aExportación e importaciónzMéxico.939119 a1 n0000752 aFinding aiduhttp://10.13.5.2/tesis/sist109693.pdfzTeclea aquí aBK cTESIS n0 c106155d106155 00102local40718TESISaBCbBCd2014-05-20fTESISl0oTesisp33724002406644r2019-12-31 00:00:00w2014-05-20yCD 00102local40718TESISaBCbBCd2014-05-20fTESISl0oTesisp33724002406686r2019-12-31 00:00:00tc.2w2014-05-20yCD